| 000 | 00876nam a2200265 i 4500 | ||
|---|---|---|---|
| 001 | 15614 | ||
| 003 | ES-MaACL | ||
| 005 | 20230906151121.0 | ||
| 007 | t| | ||
| 008 | 000405s1998 sp ||||1| spa d | ||
| 020 | _a84-605-7218-8 | ||
| 080 | _a003.344.071 (462.251 Coria) | ||
| 100 | 1 |
_aSánchez Albalá, José Ignacio. _9102438 |
|
| 245 | 1 | 0 |
_aCorpus de inscripciones latinas de Coria / _cJosé Ignacio Sánchez Albalá, Diego Vinagre Nevado. |
| 250 | _a1ª ed. | ||
| 260 |
_aCoria : _bAyuntamiento, _c1998. |
||
| 300 |
_a133 p. : _bil. ; _c30 cm. |
||
| 490 | 1 |
_aColección temas caurienses ; _v1 |
|
| 650 | 1 | 4 |
_aInscripciones latinas- _zCoria. _913820 |
| 700 | 1 |
_aVinagre Nevado, Diego. _9115295 |
|
| 710 | 1 |
_aCoria. _bAyuntamiento. _93303 |
|
| 830 | 0 |
_aColección temas caurienses ; _v1 _9179790 |
|
| 852 |
_aES-MaACL _jL-22670 _bR.127986 |
||
| 999 |
_c15614 _d15614 |
||